| 000 -LEADER |
| fixed length control field |
00507cam a22001337a 4500 |
| 008 - FIXED-LENGTH DATA ELEMENTS--GENERAL INFORMATION |
| fixed length control field |
180718b1905 xxu||||| |||| 00| 0 eng d |
| 082 ## - DEWEY DECIMAL CLASSIFICATION NUMBER |
| Classification number |
B19x54 D852 |
| 100 ## - MAIN ENTRY--PERSONAL NAME |
| Personal name |
Dubois, Abbe J.A. |
| 245 ## - TITLE STATEMENT |
| Title |
Description of the character, manners, and customs of the people of India and of their institutions, religious and civil |
| Statement of responsibility, etc. |
by Abbe J.A. Dubois |
| 260 ## - PUBLICATION, DISTRIBUTION, ETC. |
| Place of publication, distribution, etc. |
Calcutta |
| Name of publisher, distributor, etc. |
Society for the Resuscitation of Indian Literature |
| Date of publication, distribution, etc. |
1905 |
| 300 ## - PHYSICAL DESCRIPTION |
| Extent |
434p. |
| 500 ## - GENERAL NOTE |
| General note |
Rs.15.00 |
| 650 ## - SUBJECT ADDED ENTRY--TOPICAL TERM |
| Topical term or geographic name entry element |
India - Social Life and Customs |